000 00714nam a2200205Ia 4500
001 5560
003 GE_BSU
008 181216s||||||||xx |||||||||||||| ||und||
040 _cGE_BSU
080 _a51(075.8)
100 _aКаченовский, М.И.
245 _aМатематический практикум по моделированию.
245 _bУчебно-методич. пособие для студ.-заочников физ.-мат. фак-ов пед. ин-тов.
260 _aМосква
260 _bУчпедгиз
260 _c1959
300 _a189 с. 22 см.
653 _aМатематический практикум по моделированию.
942 _cBK
999 _c39040
_d39040